000 00726cam a22002531 4500
001 14154
003 BD-RjUL
005 20211208235600.0
008 140205s1964 nyua b 001 0 eng
035 _a(BD-RjUL)14206
040 _aDLC/ICU
_cICU
_dDLC
_dBD-RjUL
_beng
041 1 _aengger
082 0 0 _a574
_bFRB
100 1 _aFrisch, Karl von,
_d1886-1982.
_944214
245 1 0 _aBiology.
_cTranslated by Jane M. Oppenheimer.
260 _aNew York :
_bHarper & Row ,
_c c1964.
300 _axv, 516 p. :
_billus. (part col.) ;
_c25 cm.
504 _aIncludes Bibliography: p. 494-504 and index.
650 0 _aBiology.
_944215
942 _2ddc
_cBK
999 _c14154
_d14154